00607nam a2200169 a 450000100100000000500170001000800410002704000250006808200150009310000320010824500950014026000690023530000270030449000290033150000480036083000290040800001867220200929165834.0100512s1965 mx a r 000 0 spa d aDO-SdBNPbspacBNPHU axxxbG215c1 aGarcía Treviño, Rodrigo10aColón y los vikingos :ben el descubrimiento de América /cRodrigo García Treviño. aMéxico, D. F. :bSecretaría de Educación Pública,c1965. a69 p. :bil. ;c17 cm.1 aEl Hombre en la Historia aEn la portada: Cuadernos de lectura popular 0aEl Hombre en la Historia